| 000 | 00471nam a2200193Ia 4500 | ||
|---|---|---|---|
| 003 | OSt | ||
| 005 | 20230530143855.0 | ||
| 008 | 210423s1971 xx 000 0 und d | ||
| 040 | _cAL | ||
| 041 | _aeng | ||
| 082 |
_a307 _223 _bGAUC |
||
| 245 | _aCommunity organization | ||
| 260 |
_aBombay _bPopular Prakashan _c1971 |
||
| 365 |
_b90 _cINR |
||
| 650 |
_aCommunities _9116985 |
||
| 650 |
_aSociology _9116986 |
||
| 906 | _aCommunity ; organization | ||
| 942 |
_2ddc _cBK |
||
| 999 |
_c175480 _d175480 |
||